|
|
|
|
| LEADER |
00729cam a2200241 7i4500 |
| 001 |
0000036707 |
| 005 |
20211124090000.0 |
| 007 |
##ta |
| 008 |
211124s2014 my d 000 f may |
| 020 |
# |
# |
|a 9789674460372
|
| 040 |
# |
# |
|a MATR
|
| 090 |
0 |
0 |
|a FM 899.2333
|b DHI
|
| 100 |
0 |
# |
|a Dhieya Adlynna
|e author
|
| 245 |
1 |
0 |
|a PILIHLAH AKU!
|c Dhieya Adlynna.
|
| 264 |
# |
0 |
|a Shah Alam, Selangor:
|b buku prima @ grupbuku karangkraf,
|c 2014.
|
| 300 |
# |
# |
|a 748 pages;
|c 19 cm.
|
| 336 |
# |
# |
|a text
|2 rdacontent
|
| 337 |
# |
# |
|a unmediated
|2 rdamedia
|
| 338 |
# |
# |
|a volume
|2 rdacarrier
|
| 504 |
# |
# |
|a Includes bibliographical references and index
|
| 650 |
0 |
0 |
|a Malay fiction
|
| 650 |
0 |
0 |
|a Malaysian fiction (Malay)
|
| 999 |
|
|
|a F000000010
|b Book
|c Book
|e BICplus
|